| 000 | 00499cam a2200193ua 4500 | ||
|---|---|---|---|
| 020 | _c6.50 | ||
| 041 |
_aeng _h |
||
| 082 |
_a516.3 _bPIL/TE |
||
| 100 | _aManicavachagom Pillai, T.K. . | ||
| 245 |
_aText book of analytical geometry / _cT.K.Manicavachagom. _hTextual Documents |
||
| 250 |
_a1 / _b. |
||
| 260 |
_aMadras : _bT.K.Manicavachagom Pillai , _c1955. |
||
| 300 | _a560 ; . | ||
| 365 | _a6.50 | ||
| 504 | _a | ||
| 700 | 1 | _aNatarajan , J . | |
| 942 | _cBK | ||
| 999 |
_c3031 _d3031 |
||